| 000 | 00680nab a2200205 a 4500 | ||
|---|---|---|---|
| 005 | 20210219161254.0 | ||
| 008 | 991125s1985 mx 000 0 spa u | ||
| 035 | _aUPN01000182043 | ||
| 100 | 1 | _aCampos Navarro, Roberto | |
| 222 | _aCULTURAS INDIGENAS : | ||
| 222 | _bBOLETIN DE LA DIRECCION GENERAL DE INVESTIGACION Y PATRIMONIO CULTURAL | ||
| 245 | _aEl reconocimiento constitucional de la medicina tradicional indígena y la salud intercultural en México y Bolivia | ||
| 260 | _aMéxico | ||
| 300 | _a51-55 | ||
| 362 | 0 | _a2010 Vol. 2, no. 4 | |
| 653 | 0 | _aMEDICINA TRADICIONAL | |
| 653 | 0 | _aDERECHOS INDIGENAS | |
| 653 | 0 | _aSALUD INTERCULTURAL | |
| 905 | _aArticulo | ||
| 999 |
_c154146 _d154146 |
||